Ciudades de África y Medio Oriente en emojis - Estadísticas

Estadísticas generales
  • Esta prueba ha sido intentada 39 veces
  • La puntuación promedio es 13 de 20
Estadísticas de respuestas
Imagen Respuesta % Correcto
Alejandría
91%
Jerusalén
91%
Casablanca
88%
Ciudad del Cabo
88%
Estambul
88%
La Meca
88%
Nairobi
88%
Ankara
85%
Tel Aviv
82%
Johannesburgo
79%
Bagdad
76%
Bakú
76%
Bloemfontein
55%
Durbán
55%
Lúxor
55%
Fez
48%
Mombasa
36%
Antalya
27%
Esmirna
27%
Guiza
27%
No se encontraron pruebas coincidentes
Distribución de puntuación
Porcentaje de gente con cada puntuación
Porcentaje por número respondido
Historial de tus puntuaciones
No has intentado esta prueba.